<?xml version="1.0" encoding="UTF-8"?>
<record
    xmlns:xsi="http://www.w3.org/2001/XMLSchema-instance"
    xsi:schemaLocation="http://www.loc.gov/MARC21/slim http://www.loc.gov/standards/marcxml/schema/MARC21slim.xsd"
    xmlns="http://www.loc.gov/MARC21/slim">

  <leader>00779nam a2200205 a 4500</leader>
  <controlfield tag="001">BRCA_7000</controlfield>
  <controlfield tag="005">20190320205655.0</controlfield>
  <controlfield tag="008">231111s1923----sz-#######---#000-0#ger-#</controlfield>
  <datafield tag="041" ind1=" " ind2=" ">
    <subfield code="a">ger</subfield>
  </datafield>
  <datafield tag="044" ind1=" " ind2=" ">
    <subfield code="a">sz</subfield>
  </datafield>
  <datafield tag="050" ind1=" " ind2="4">
    <subfield code="a">PC1129.G3</subfield>
    <subfield code="b">.B58 1923</subfield>
  </datafield>
  <datafield tag="100" ind1="1" ind2=" ">
    <subfield code="a">Bonghi, Georg</subfield>
    <subfield code="9">17419</subfield>
  </datafield>
  <datafield tag="245" ind1="1" ind2="0">
    <subfield code="a">Der beredte Italianer</subfield>
    <subfield code="b">kleines Handbuch der italienischen Sprache, enthaltend: Grammatik, Gespr&#xE4;che, Lesest&#xFC;cke und W&#xF6;rtersammlung : eine Anleitung in sehr kurzer Zeit, ohne Hilfe eines Lehrers, leicht und richtig italienisch lesen, schreiben und sprechen lernen</subfield>
    <subfield code="c">herausgegeben von Dr. G. Boughi</subfield>
  </datafield>
  <datafield tag="260" ind1=" " ind2=" ">
    <subfield code="a">Z&#xFA;rich, Suiza</subfield>
    <subfield code="b">Fr. Brothner</subfield>
    <subfield code="c">1923</subfield>
  </datafield>
  <datafield tag="300" ind1=" " ind2=" ">
    <subfield code="a">200 p.</subfield>
    <subfield code="c">16 cm.</subfield>
  </datafield>
  <datafield tag="500" ind1=" " ind2=" ">
    <subfield code="a">O15</subfield>
  </datafield>
  <datafield tag="650" ind1="1" ind2="4">
    <subfield code="a">Lenguaje Italiano</subfield>
    <subfield code="x">Manual</subfield>
    <subfield code="9">17420</subfield>
  </datafield>
  <datafield tag="902" ind1=" " ind2=" ">
    <subfield code="a">GFM</subfield>
  </datafield>
  <datafield tag="942" ind1=" " ind2=" ">
    <subfield code="2">lcc</subfield>
    <subfield code="c">B</subfield>
  </datafield>
  <datafield tag="999" ind1=" " ind2=" ">
    <subfield code="c">6681</subfield>
    <subfield code="d">6681</subfield>
  </datafield>
  <datafield tag="952" ind1=" " ind2=" ">
    <subfield code="0">0</subfield>
    <subfield code="1">0</subfield>
    <subfield code="4">0</subfield>
    <subfield code="7">0</subfield>
    <subfield code="a">BRCA</subfield>
    <subfield code="b">BRCA</subfield>
    <subfield code="d">2011-11-23</subfield>
    <subfield code="i">O15</subfield>
    <subfield code="l">0</subfield>
    <subfield code="o">PC1129.G3 .B58 1923 (O15)</subfield>
    <subfield code="p">7447</subfield>
    <subfield code="r">2019-03-22 00:00:00</subfield>
    <subfield code="w">2019-03-22</subfield>
    <subfield code="y">B</subfield>
  </datafield>
</record>
